01528nam a2200385Ia 4500001001200000003000800012006001900020007001500039008004100054010001700095020004000112020004300152020001800195040002100213035002100234050002400255082002200279100001900301245009300320260003400413300002500447490003500472504006400507533015200571650002900723650004800752650004100800650003900841650003500880655002900915710001700944830003600961856012600997999001901123ebr10575818CaPaEBRm u cr cn|||||||||080605s2009 nyua sb s001 0 eng d z 2008024984 z0791476898 (hardcover : alk. paper) z9780791476895 (hardcover : alk. paper) z9780791477090 aCaPaEBRcCaPaEBR a(OCoLC)31641287014aHD8660b.D76 2009eb04a331.6/20956942221 aDrori, Israel.10aForeign workers in Israelh[electronic resource] :bglobal perspectives /cIsrael Drori. aAlbany :bSUNY Press,cc2009. axiii, 242 p. :bill.1 aSUNY series in Israeli studies aIncludes bibliographical references (p. 215-233) and index. aElectronic reproduction.bPalo Alto, Calif. :cebrary,d2013.nAvailable via World Wide Web.nAccess may be limited to ebrary affiliated libraries. 0aForeign workerszIsrael. 0aForeign workersxGovernment policyzIsrael. 0aForeign workers, PhilippinezIsrael. 0aForeign workers, RomanianzIsrael. 0aForeign workers, ThaizIsrael. 7aElectronic books.2local2 aebrary, Inc. 0aSUNY series in Israeli studies.40uhttp://site.ebrary.com/lib/rucke/Doc?id=10575818zAn electronic book accessible through the World Wide Web; click to view c181869d181869